Preparación al diploma de español - nivel C2 claves
Gespeichert in:
| 1. Verfasser: | |
|---|---|
| Weitere Verfasser: | |
| Format: | Buch |
| Sprache: | Spanisch |
| Veröffentlicht: |
Madrid
edelsa
2012
|
| Ausgabe: | primera edición |
| Schlagworte: | |
| Tags: |
Keine Tags, Fügen Sie das erste Tag hinzu!
|
MARC
| LEADER | 00000nam a2200000 4500 | ||
|---|---|---|---|
| 001 | 0242811 | ||
| 005 | 20240221120057.6 | ||
| 020 | |a 978-84-7711-981-4 | ||
| 041 | 0 | |a spa | |
| 044 | |a ES | ||
| 245 | 1 | 0 | |a Preparación al diploma de español - nivel C2 |b claves |c Pilar Alzugaray, Paz Bartolomé |
| 250 | |a primera edición | ||
| 264 | 1 | |a Madrid |b edelsa |c 2012 | |
| 300 | |a 48 s. | ||
| 610 | 2 | 0 | |a jazykoveda |
| 610 | 2 | 0 | |a terminológia |
| 610 | 2 | 0 | |a jazyky cudzie |
| 610 | 2 | 0 | |a španielčina |
| 100 | 1 | |a Alzugaray, Pilar | |
| 700 | 1 | |a Bartolomé, Paz | |